Hard-to-employ group: example of good practice diplomová práca

Enregistré dans:
Détails bibliographiques
Auteur principal: Hrčka, Peter
Collectivité auteur: Podnikovohospodárska fakulta EU so sídlom v Košiciach. Katedra hospodárskej informatiky a matematiky
Autres auteurs: Bosáková, Lucia
Format: Livre
Langue:anglais
Publié: Košice 2014
Tags: Ajouter un tag
Pas de tags, Soyez le premier à ajouter un tag!

MARC

LEADER 00000nbm a2200000 4500
001 0187196
005 20170201084846.9
041 0 |a eng 
044 |a SK 
245 1 0 |a Hard-to-employ group: example of good practice  |b diplomová práca  |c Peter Hrčka ; školiteľ: Lucia Bosáková 
264 1 |a Košice  |c 2014 
300 |a 80 s. 
100 1 |a Hrčka, Peter 
700 1 |a Bosáková, Lucia 
710 2 |a Podnikovohospodárska fakulta EU so sídlom v Košiciach. Katedra hospodárskej informatiky a matematiky